[Event "XV Festival B"]
[Site "Padova ITA"]
[Date "2012.12.16"]
[Round "3"]
[White "Rossi, Davide"]
[Black "Simioni, Tiziano"]
[WhiteElo "1556"]
[BlackElo "1781"]
[Result "1/2-1/2"]
[PlyCount "116"]
[EventDate "2012.12.15"]

1. c4 e5 2. Nc3 Nf6 3. d3 h6 4. Nf3 d6 5. g3 Be7 6. Bg2 O-O 7. O-O Be6 8. Qb3
Bc8 9. Nh4 Nc6 10. Nf3 Rb8 11. Bd2 Be6 12. Qc2 Qd7 13. a3 Bh3 14. b4 Bxg2 15.
Kxg2 a6 16. Qa4 b5 17. cxb5 axb5 18. Nxb5 Nd4 19. Nc3 c6 20. Nxd4 exd4 21. Ne4
Ra8 22. Nxf6+ Bxf6 23. Qc2 Rfc8 24. Rfc1 c5 25. Qd1 Qe6 26. f3 Be7 27. Rc2 Bf8
28. Rca2 c4 29. dxc4 Rxc4 30. Rc2 d5 31. Kf2 g5 32. Rxc4 dxc4 33. Qb1 Bg7 34.
Ra2 c3 35. Bc1 Qc4 36. Rc2 Rb8 37. Qa2 Qb5 38. Qb3 Ra8 39. Ra2 Ra4 40. Rc2 Bf8
41. e3 Bg7 42. exd4 Bxd4+ 43. Be3 Bf6 44. Bc5 Ra8 45. Ra2 Rb8 46. Qd5 Rd8 47.
Qe4 Re8 48. Qf5 Qc4 49. Rc2 Kg7 50. Be3 Qb3 51. Bc1 Re5 52. Qd3 Rd5 53. Qe2
Bd4+ 54. Kf1 Re5 55. Qd3 Qd5 56. Re2 Rf5 57. Re4 Bf6 58. Qxd5 Rxd5 1/2-1/2

[Event "XV Festival B"]
[Site "Padova ITA"]
[Date "2012.12.16"]
[Round "3"]
[White "Saponara, Nicola"]
[Black "Rigoni, Vinicio"]
[WhiteElo "1796"]
[BlackElo "1912"]
[Result "1-0"]
[PlyCount "80"]
[EventDate "2012.12.15"]

1. e4 c6 2. f4 d5 3. e5 h6 4. Nf3 Bf5 5. c3 e6 6. d3 Nd7 7. Be2 Ne7 8. O-O Qb6+
9. Kh1 Bh7 10. Nbd2 Nf5 11. Nb3 Be7 12. d4 c5 13. g4 Nh4 14. Nxh4 Bxh4 15. Be3
c4 16. Nd2 Qxb2 17. Rc1 b5 18. f5 O-O 19. Nf3 Be7 20. Rc2 Qa3 21. Bc1 Qa5 22.
Qd2 b4 23. cxb4 Bxb4 24. Qf4 f6 25. Nh4 fxe5 26. dxe5 Bc3 27. Bb2 Bxb2 28. Rxb2
Qc3 29. Rb7 Qxe5 30. Qxe5 Nxe5 31. fxe6 Be4+ 32. Kg1 Rxf1+ 33. Kxf1 Rf8+ 34.
Ke1 Re8 35. Nf5 Rxe6 36. Rxg7+ Kh8 37. Rxa7 Nc6 38. Ra8+ Kh7 39. Kf2 Rf6 40.
Ra6 Kg6 1-0

[Event "XV Festival B"]
[Site "Padova ITA"]
[Date "2012.12.16"]
[Round "3"]
[White "Seletsky, Grigory"]
[Black "Gennari, Leone"]
[WhiteElo "2308"]
[BlackElo "1975"]
[Result "1-0"]
[PlyCount "103"]
[EventDate "2012.12.15"]

1. e4 e6 2. d4 d5 3. Nd2 Be7 4. Ngf3 Nf6 5. e5 Nfd7 6. Bd3 c5 7. c3 Nc6 8. O-O
O-O 9. Re1 cxd4 10. cxd4 f6 11. exf6 Nxf6 12. a3 Bd6 13. b4 Qb6 14. Nb3 Bd7 15.
Nc5 Rae8 16. Bg5 Bc8 17. Bc2 Kh8 18. Qd3 g6 19. Bh6 Rg8 20. Ng5 Re7 21. Qf3 Nh5
22. Rad1 Qc7 23. g3 Nd8 24. Bf8 Re8 25. Bxd6 Qxd6 26. Ba4 Rgf8 27. Qe3 Re7 28.
f4 b6 29. Nd3 Nf6 30. Ne5 Kg7 31. Rc1 Bb7 32. Bc2 Rfe8 33. Qd3 Rc7 34. Bb1 Rxc1
35. Rxc1 Ne4 36. Nxe4 dxe4 37. Qe3 Nf7 38. Bxe4 Bxe4 39. Qxe4 Nxe5 40. Qxe5+
Qxe5 41. dxe5 Re7 42. Kf2 Rd7 43. Ke3 Kf7 44. a4 Ke7 45. b5 Kd8 46. Rc6 Ke7 47.
a5 bxa5 48. Ra6 Rb7 49. Rxa5 Kd8 50. Kd4 Kc8 51. Kc5 Kb8 52. Ra6 1-0

[Event "XV Festival B"]
[Site "Padova ITA"]
[Date "2012.12.16"]
[Round "3"]
[White "Simonetto, Adriano"]
[Black "Rosina, Graziano"]
[WhiteElo "2001"]
[BlackElo "1789"]
[Result "1/2-1/2"]
[PlyCount "59"]
[EventDate "2012.12.15"]

1. d4 d5 2. c4 c6 3. Nf3 Nf6 4. Qc2 e6 5. Bg5 Nbd7 6. cxd5 exd5 7. e3 Qa5+ 8.
Nbd2 Ne4 9. Bf4 Bb4 10. a3 Ndf6 11. Rd1 Nxd2 12. Nxd2 Be7 13. Bd3 O-O 14. O-O
h6 15. h3 Qd8 16. Nf3 Bd6 17. Ne5 Re8 18. b4 Qe7 19. Rb1 Bxe5 20. Bxe5 Bd7 21.
a4 Rec8 22. Rfc1 Ne8 23. Qb3 Nd6 24. b5 Ne4 25. Qb2 Qg5 26. Bf4 Qe7 27. bxc6
Bxc6 28. Bb5 Bxb5 29. axb5 Qd7 30. Be5 1/2-1/2

[Event "XV Festival B"]
[Site "Padova ITA"]
[Date "2012.12.16"]
[Round "3"]
[White "Simongini, Giacomo"]
[Black "Cancian, Loris"]
[WhiteElo "1748"]
[BlackElo "1878"]
[Result "0-1"]
[PlyCount "80"]
[EventDate "2012.12.15"]

1. d4 d5 2. Nf3 Nf6 3. Bf4 c5 4. e3 Nc6 5. c3 e6 6. Nbd2 Bd7 7. Bd3 c4 8. Bb1
b5 9. b4 a5 10. bxa5 Qxa5 11. Bc2 Qxc3 12. O-O Qa5 13. Ne5 Nxe5 14. Bxe5 Be7
15. f4 b4 16. f5 Ba4 17. fxe6 fxe6 18. Nf3 Bxc2 19. Qxc2 Qa4 20. Qe2 Kd7 21.
Ng5 Raf8 22. Bxf6 gxf6 23. Nh3 Rhg8 24. Nf4 Rg5 25. e4 Rfg8 26. exd5 e5 27.
dxe5 fxe5 28. d6 Bxd6 29. Qxc4 exf4 30. Qf7+ Kc6 31. Rac1+ Kb5 32. Qe6 Rxg2+
33. Kh1 R2g6 34. Qe4 Qa8 35. Qxa8 Rxa8 36. Rc2 Rf8 37. Rf3 Bc5 38. h3 Rg3 39.
Rxg3 fxg3 40. h4 Rf2 0-1

[Event "XV Festival B"]
[Site "Padova ITA"]
[Date "2012.12.16"]
[Round "3"]
[White "Solaroli, Riccardo"]
[Black "Gromovs, Sergejs"]
[WhiteElo "1920"]
[BlackElo "2161"]
[Result "0-1"]
[PlyCount "126"]
[EventDate "2012.12.15"]

1. e4 c5 2. c3 Nf6 3. e5 Nd5 4. d4 cxd4 5. Nf3 d6 6. cxd4 Nc6 7. Bc4 e6 8. O-O
Be7 9. exd6 Qxd6 10. Nc3 Nb6 11. Bb3 O-O 12. d5 exd5 13. Nxd5 Nxd5 14. Qxd5 Qg6
15. Ne5 Nxe5 16. Qxe5 Bf6 17. Qb5 Bf5 18. Bc4 Rac8 19. Re1 a6 20. Qb4 Qg4 21.
f4 a5 22. Qb3 Bd4+ 23. Kh1 a4 24. Qxa4 Bf2 25. Re2 Qh4 26. Qb3 Bg4 27. Re4 Rc5
28. Bd2 b5 29. Bxf7+ Kh8 30. Bb4 Rc4 31. Bxc4 bxc4 32. Qc3 Rc8 33. Be7 Qh6 34.
Bg5 Qc6 35. Re7 Rg8 36. Rxg7 Rxg7 37. Bf6 Qb7 38. Bxg7+ Qxg7 39. Qxg7+ Kxg7 40.
Rc1 Be6 41. h3 Kf6 42. Rc2 Bg3 43. Kg1 Bxf4 44. Kf2 Be5 45. Ke3 Bd6 46. g4 Kg5
47. Rf2 Be5 48. Ke4 Bg7 49. Rd2 Kh4 50. Rd6 Bc8 51. Kd5 Kxh3 52. Kxc4 Bxg4 53.
b4 Be2+ 54. Kd5 h5 55. a4 h4 56. b5 Bf3+ 57. Kc5 Be5 58. Rd8 Kg3 59. a5 h3 60.
Re8 h2 61. Rg8+ Kf2 62. Re8 Ba1 63. Rd8 h1=Q 0-1

[Event "XV Festival B"]
[Site "Padova ITA"]
[Date "2012.12.16"]
[Round "3"]
[White "Tissino, Tiziano"]
[Black "Bonini, Roberto"]
[WhiteElo "1776"]
[BlackElo "1888"]
[Result "1-0"]
[PlyCount "59"]
[EventDate "2012.12.15"]

1. Nf3 Nf6 2. g3 g6 3. b3 Bg7 4. Bb2 O-O 5. Bg2 Nc6 6. O-O d6 7. c4 e5 8. d3 a5
9. a3 Nh5 10. e4 f5 11. exf5 Bxf5 12. Nh4 Be6 13. Be4 Nf6 14. Nd2 Nxe4 15. Nxe4
b6 16. Ra2 d5 17. Nd2 g5 18. Ng2 a4 19. b4 Qd7 20. b5 Na5 21. Qe2 Rac8 22. Bxe5
Bxe5 23. Qxe5 Rf5 24. Qc3 dxc4 25. dxc4 Rxb5 26. Ne4 Qg7 27. Qxg7+ Kxg7 28.
cxb5 Bxa2 29. Nxg5 Kg6 30. Ne4 {...} 1-0

[Event "XV Festival B"]
[Site "Padova ITA"]
[Date "2012.12.16"]
[Round "3"]
[White "Vastano, Ciro"]
[Black "Favero, Graziano"]
[WhiteElo "1633"]
[BlackElo "1745"]
[Result "0-1"]
[PlyCount "58"]
[EventDate "2012.12.15"]

1. e4 d6 2. d4 Nf6 3. Bd3 g6 4. Nd2 Bg7 5. Nf1 c6 6. Ng3 Qb6 7. c3 Nbd7 8. Nf3
O-O 9. h4 h5 10. Qe2 e5 11. Rb1 Re8 12. Be3 Qc7 13. Ng5 Nf8 14. Rc1 Ng4 15. Bd2
exd4 16. f3 dxc3 17. Bxc3 Ne5 18. Bb1 d5 19. Kf2 dxe4 20. N3xe4 Qb6+ 21. Kf1
Be6 22. Nxe6 Nxe6 23. g3 Rad8 24. Kg2 f5 25. Nf2 Nd4 26. Bxd4 Qxd4 27. Rhd1 Qb6
28. a3 Nf7 29. Ba2 Rxe2 0-1

[Event "XV Festival B"]
[Site "Padova ITA"]
[Date "2012.12.16"]
[Round "3"]
[White "Xia, Jie"]
[Black "Mancin, Michele"]
[WhiteElo "2255"]
[BlackElo "1750"]
[Result "1-0"]
[PlyCount "62"]
[EventDate "2012.12.15"]

1. e4 e5 2. Nf3 d6 3. d4 exd4 4. Nxd4 Nf6 5. Nc3 Be7 6. Be2 Nc6 7. O-O O-O 8.
f4 Re8 9. Bf3 Nxd4 10. Qxd4 c6 11. b3 Qc7 12. Bb2 Bf8 13. Kh1 Be6 14. Rad1 a6
15. e5 dxe5 16. fxe5 Rad8 17. Qf4 Nd5 18. Nxd5 cxd5 19. c3 b5 20. h3 Qa5 21.
Ra1 Qc7 22. Rfd1 Be7 23. a4 Bf6 24. Re1 bxa4 25. Qd4 Be7 26. Rxa4 Bc5 27. Qd2
Qc8 28. Kh2 d4 29. cxd4 Bxb3 30. Raa1 Qb8 31. Qf4 Bb4 {...} 1-0

[Event "XV Festival B"]
[Site "Padova ITA"]
[Date "2012.12.16"]
[Round "3"]
[White "Zamengo, Fulvio"]
[Black "Cacco, Christian"]
[WhiteElo "2068"]
[BlackElo "2325"]
[Result "1/2-1/2"]
[PlyCount "127"]
[EventDate "2012.12.15"]

1. e4 d6 2. d4 Nf6 3. Nc3 c6 4. Nf3 Bg4 5. Be2 e6 6. O-O Bxf3 7. Bxf3 d5 8. Bf4
Be7 9. exd5 cxd5 10. Nb5 Na6 11. c4 Qd7 12. b3 O-O 13. Qe2 Nb4 14. Rfd1 Nc6 15.
c5 Ne8 16. Nc3 g5 17. Bg3 f5 18. h3 f4 19. Bh2 Bf6 20. Bg4 Ng7 21. Rd3 Nxd4 22.
Qd2 h5 23. Bf3 Nxf3+ 24. Rxf3 Nf5 25. Re1 Rad8 26. Rd3 Qf7 27. g3 Rde8 28. gxf4
g4 29. hxg4 hxg4 30. Nb5 Re7 31. Nd6 Qg6 32. Nxf5 Qxf5 33. Qe2 Kf7 34. Bg3 Rh8
35. f3 gxf3 36. Qxf3 Rh3 37. Kg2 Kf8 38. Qe2 Bh4 39. Rh1 Rxg3+ 40. Rxg3 Bxg3
41. Kxg3 Rg7+ 42. Kf3 Rg4 43. Qe5 Qxe5 44. fxe5 Rb4 45. Rh6 Kf7 46. Rf6+ Ke7
47. Rh6 a5 48. Rh7+ Kd8 49. Ke3 Kc8 50. Kd3 Re4 51. Rh8+ Kc7 52. Ra8 b6 53. Ra6
bxc5 54. Rxe6 a4 55. Kd2 Rh4 56. Rd6 Rh2+ 57. Kd3 d4 58. bxa4 Rxa2 59. Kc4 Rc2+
60. Kd5 d3 61. e6 Re2 62. Rd7+ Kb6 63. Rd6+ Kc7 64. Rd7+ 1/2-1/2

[Event "XV Festival B"]
[Site "Padova ITA"]
[Date "2012.12.16"]
[Round "3"]
[White "Zanirato, Stefano"]
[Black "Liguori, Michele"]
[WhiteElo "1912"]
[BlackElo "1733"]
[Result "1/2-1/2"]
[PlyCount "76"]
[EventDate "2012.12.15"]

1. e4 c5 2. Nf3 Nc6 3. Bb5 e6 4. O-O Nge7 5. d3 a6 6. Bxc6 Nxc6 7. c4 Be7 8.
Nc3 d6 9. h3 O-O 10. Ne2 b6 11. Ng3 Bb7 12. Bd2 d5 13. Qe2 dxc4 14. dxc4 Nd4
15. Nxd4 cxd4 16. Qg4 g6 17. e5 b5 18. b3 Rc8 19. Bh6 Re8 20. Rad1 f5 21. exf6
Bxf6 22. Nh5 bxc4 23. Nxf6+ Qxf6 24. Rxd4 cxb3 25. axb3 Qf5 26. Rfd1 Qxg4 27.
hxg4 Bd5 28. Ra1 Rc6 29. b4 Rc4 30. Rxc4 Bxc4 31. Rc1 Rc8 32. f4 Rc6 33. Kf2
Bd5 34. Rxc6 Bxc6 35. g3 Kf7 36. Ke3 Bb5 37. Kd4 Be2 38. g5 Bb5 1/2-1/2

[Event "XV Festival B"]
[Site "Padova ITA"]
[Date "2012.12.22"]
[Round "4"]
[White "Alessi, Giovanni"]
[Black "Licandro, Michele"]
[WhiteElo "1633"]
[BlackElo "1572"]
[Result "1-0"]
[PlyCount "127"]
[EventDate "2012.12.15"]

1. e4 c5 2. Nf3 d6 3. c3 g6 4. g3 Bg7 5. Bg2 Nc6 6. d3 Bg4 7. O-O Nf6 8. Be3
O-O 9. Nbd2 Rb8 10. Qc2 b5 11. Rac1 a5 12. d4 c4 13. b3 d5 14. bxc4 bxc4 15.
exd5 Bxf3 16. Bxf3 Nxd5 17. Nxc4 Nxe3 18. Nxe3 Rc8 19. Qa4 Qd6 20. Nc4 Qf6 21.
Bg2 Nxd4 22. cxd4 Qxd4 23. Rfd1 Rxc4 24. Qxc4 Qb2 25. Qb3 Qe5 26. Rd5 Qe2 27.
Bf3 Qa6 28. Qb5 Qf6 29. Bg2 e6 30. Rd7 Bh6 31. Rcd1 Qc3 32. a4 Kg7 33. Rd8 Rxd8
34. Rxd8 Qc1+ 35. Bf1 Bg5 36. Ra8 Bd2 37. Qe8 Be1 38. Qh8+ Kh6 39. Qe5 Qd2 40.
Qe3+ Kg7 41. Qxd2 Bxd2 42. f4 h6 43. Kg2 Kf6 44. Kf3 g5 45. fxg5+ hxg5 46. Ke4
Bc3 47. Be2 Kg6 48. g4 Kf6 49. h3 Bb4 50. Rg8 Bd2 51. Bc4 Ke7 52. Bb5 Kf6 53.
Kd4 Bb4 54. Ke4 Ke7 55. Rh8 Kf6 56. Kd3 Ke5 57. Bc6 f6 58. Re8 Kd6 59. Bb5 e5
60. Ke4 Kc5 61. Kf5 Kd4 62. Kxf6 e4 63. Kxg5 Bd2+ 64. Kf5 1-0

[Event "XV Festival B"]
[Site "Padova ITA"]
[Date "2012.12.22"]
[Round "4"]
[White "Aprile, Martino"]
[Black "Pilotto, Alessandro"]
[WhiteElo "1947"]
[BlackElo "1573"]
[Result "1-0"]
[PlyCount "71"]
[EventDate "2012.12.15"]

1. e4 c5 2. Nc3 Nc6 3. f4 g6 4. Nf3 Bg7 5. Bb5 Nf6 6. O-O a6 7. Bxc6 bxc6 8. d3
O-O 9. Qe1 d6 10. Kh1 a5 11. h3 Ba6 12. g4 c4 13. d4 e6 14. Rb1 Nd7 15. e5 d5
16. Be3 Qc7 17. Ne2 c5 18. c3 cxd4 19. cxd4 Qb6 20. Nc3 Qd8 21. Qg3 Nb8 22. f5
exf5 23. gxf5 Re8 24. Bf4 Nd7 25. f6 Nxf6 26. exf6 Bxf6 27. Be5 Bb7 28. Bxf6
Qxf6 29. Ne5 Qg7 30. Rxf7 Qxf7 31. Nxf7 Kxf7 32. Rf1+ Kg8 33. Qc7 Bc8 34. Rf7
Be6 35. Rg7+ Kf8 36. Rxh7 1-0

[Event "XV Festival B"]
[Site "Padova ITA"]
[Date "2012.12.22"]
[Round "4"]
[White "Basso, Pier Luigi"]
[Black "Dragojlovic, Andjelko"]
[WhiteElo "2186"]
[BlackElo "2351"]
[Result "0-1"]
[PlyCount "64"]
[EventDate "2012.12.15"]

1. e4 d6 2. d4 Nf6 3. Nc3 g6 4. Bc4 Bg7 5. Qe2 c6 6. e5 dxe5 7. dxe5 Nd5 8. Bd2
O-O 9. O-O-O Be6 10. f4 b5 11. Bxd5 Bxd5 12. Be1 e6 13. Nf3 Nd7 14. Nxd5 cxd5
15. Qxb5 Rb8 16. Qa5 Qc8 17. Nd4 Qb7 18. Nb3 Rfc8 19. Bf2 a6 20. g4 Bf8 21. Qe1
a5 22. Qxa5 Ra8 23. Qd2 Rxa2 24. Kb1 Rca8 25. Qe2 Bb4 26. Bd4 Qc6 27. Qd3 Qa4
28. c4 Bc5 29. Kc1 dxc4 30. Nxc5 Nxc5 31. Qc3 Ra1+ 32. Kd2 Rxd1+ 0-1

[Event "XV Festival B"]
[Site "Padova ITA"]
[Date "2012.12.22"]
[Round "4"]
[White "Bellon, Antonio"]
[Black "Penzo, Amleto"]
[WhiteElo "1668"]
[BlackElo "1847"]
[Result "0-1"]
[PlyCount "130"]
[EventDate "2012.12.15"]

1. e4 c5 2. Nf3 Nc6 3. d4 cxd4 4. Nxd4 Qb6 5. c3 Nf6 6. Qd3 e6 7. Nd2 a6 8. Nc4
Qc7 9. Be2 b5 10. Ne3 Bb7 11. Ng4 Nxg4 12. Bxg4 Ne5 13. Qe2 b4 14. Bd2 Nc4 15.
f3 Nxd2 16. Qxd2 bxc3 17. bxc3 Rc8 18. Rc1 Ba3 19. Rc2 O-O 20. O-O Bc5 21. Rfc1
Bc6 22. Kh1 Ba4 23. Nb3 Qa7 24. Qd3 Be7 25. g3 Rfd8 26. c4 Rc7 27. Bh3 Rdc8 28.
Bf1 Qa8 29. Rd2 e5 30. Rdc2 Bc6 31. c5 Bb5 32. Qd1 Ba4 33. Bh3 Qb8 34. Rc4 Bg5
35. R1c3 Bb5 36. Rb4 a5 37. Nxa5 Ra7 38. Nc4 Rxa2 39. Nd6 Bd2 40. Rxb5 Bxc3 41.
Rxb8 Rxb8 42. Qd3 Bd4 43. Nc4 Ra1+ 44. Bf1 Rbb1 45. Nd2 Rb2 46. Kg2 Raa2 47.
Kh3 Rxd2 48. Qb5 Rxh2+ 49. Kg4 h5+ 50. Kf5 Raf2 51. Be2 Rxe2 52. Qxd7 Ref2 53.
f4 exf4 54. gxf4 Be3 55. Qe8+ Kh7 56. Ke5 Bxf4+ 57. Kd5 Be3 58. c6 Rhg2 59. Kd6
Rd2+ 60. Kc7 Bf4+ 61. e5 Rde2 62. Qxf7 Bxe5+ 63. Kc8 Rgf2 64. Qxh5+ Kg8 65.
Qe8+ Rf8 0-1

[Event "XV Festival B"]
[Site "Padova ITA"]
[Date "2012.12.22"]
[Round "4"]
[White "Belloni, Umberto"]
[Black "Desideri, Leonardo"]
[WhiteElo "1797"]
[BlackElo "1564"]
[Result "1-0"]
[PlyCount "95"]
[EventDate "2012.12.15"]

1. d4 f5 2. Bf4 Nf6 3. h3 d6 4. Nf3 Nc6 5. c3 e6 6. e3 Be7 7. Bd3 a6 8. Qc2 d5
9. a4 b6 10. Nbd2 Ne4 11. Bxe4 fxe4 12. Ne5 Nxe5 13. Bxe5 Bf6 14. Bxf6 Qxf6 15.
O-O O-O 16. f4 Qg6 17. Kh2 a5 18. b4 Bd7 19. b5 Rac8 20. Qb3 Kh8 21. c4 Qh5 22.
Qd1 Qxd1 23. Rfxd1 c6 24. Rdc1 cxb5 25. cxb5 Rxc1 26. Rxc1 Rc8 27. Rxc8+ Bxc8
28. Kg3 Kg8 29. f5 exf5 30. Kf4 Kf7 31. Ke5 Be6 32. Kd6 f4 33. exf4 h6 34. Nf1
g5 35. fxg5 hxg5 36. Ne3 Kf6 37. g4 Bf7 38. Kc6 Ke7 39. Kxb6 Kd8 40. Kxa5 Kc7
41. Kb4 Kb6 42. a5+ Kb7 43. Kc5 Kc7 44. a6 Be6 45. b6+ Kb8 46. Kd6 Bc8 47. b7
Bxg4 48. hxg4 1-0

[Event "XV Festival B"]
[Site "Padova ITA"]
[Date "2012.12.22"]
[Round "4"]
[White "Benedetti, Maurizio"]
[Black "Gennari, Andrea"]
[WhiteElo "1713"]
[BlackElo "1506"]
[Result "1/2-1/2"]
[PlyCount "135"]
[EventDate "2012.12.15"]

1. c4 Nf6 2. g3 Nc6 3. Bg2 g6 4. Nc3 Bg7 5. Nf3 O-O 6. O-O d6 7. Rb1 Bf5 8. d3
Nd7 9. e4 Bg4 10. h3 Bxf3 11. Bxf3 Nde5 12. Be2 Nd4 13. f4 Nec6 14. b4 a6 15.
a4 Qd7 16. Bg4 f5 17. exf5 Nxf5 18. Ne2 Ncd4 19. Nxd4 Bxd4+ 20. Kh2 Rae8 21.
Bxf5 Qxf5 22. Bb2 Bxb2 23. Rxb2 e5 24. Rbf2 e4 25. dxe4 Qxe4 26. Qd5+ Qxd5 27.
cxd5 Re4 28. Rc2 Rc8 29. Rfc1 Re7 30. b5 axb5 31. axb5 b6 32. Kg2 Kf7 33. Kf3
Kf6 34. Rc6 Kf5 35. g4+ Kf6 36. Rxd6+ Kf7 37. Rdc6 Rd8 38. Rxc7 Rxd5 39. Rxe7+
Kxe7 40. Rc7+ Kf6 41. Rxh7 Rxb5 42. g5+ Kf5 43. Rf7+ Ke6 44. Rf6+ Ke7 45. Rxg6
Rb3+ 46. Kg4 b5 47. Rf6 b4 48. h4 Rb1 49. h5 b3 50. h6 b2 51. Kf5 Rh1 52. Rb6
b1=Q+ 53. Rxb1 Rxb1 54. Kg6 Rb6+ 55. Kg7 Ke6 56. h7 Rb7+ 57. Kh6 Rb8 58. g6 Kf5
59. Kg7 Rb7+ 60. Kh6 Rb8 61. Kg7 Rb7+ 62. Kh6 Rb8 63. g7 Rb6+ 64. Kh5 Rb1 65.
Kh4 Kxf4 66. Kh3 Kf3 67. Kh2 Rb2+ 68. Kh3 1/2-1/2

[Event "XV Festival B"]
[Site "Padova ITA"]
[Date "2012.12.22"]
[Round "4"]
[White "Bonini, Roberto"]
[Black "Bergamasco, Tommaso"]
[WhiteElo "1888"]
[BlackElo "1685"]
[Result "1-0"]
[PlyCount "81"]
[EventDate "2012.12.15"]

1. e4 Nf6 2. e5 Nd5 3. c4 Nb6 4. d4 d6 5. exd6 exd6 6. Nf3 Be7 7. Be3 Bg4 8.
Nbd2 Nc6 9. Bd3 O-O 10. h3 Bh5 11. a3 f5 12. g4 Bg6 13. gxf5 Bxf5 14. Qc2 Qd7
15. O-O-O Kh8 16. d5 Ne5 17. Nxe5 dxe5 18. Bxf5 Qxf5 19. Ne4 Rad8 20. h4 Nd7
21. Rdg1 Nf6 22. Nc3 Qxc2+ 23. Kxc2 a6 24. Rg5 Nxd5 25. Nxd5 Bxg5 26. hxg5 c6
27. Nc3 Kg8 28. Ne4 b5 29. Nc5 Ra8 30. Rh4 a5 31. Re4 Rae8 32. Kc3 h6 33. gxh6
gxh6 34. Nb7 a4 35. Nc5 Rf5 36. cxb5 cxb5 37. Kb4 Rb8 38. Nd7 Rd8 39. Nxe5 Rd5
40. Nc6 h5 41. Ne7+ 1-0

[Event "XV Festival B"]
[Site "Padova ITA"]
[Date "2012.12.22"]
[Round "4"]
[White "Boscolo, Marco"]
[Black "Saponara, Nicola"]
[WhiteElo "2145"]
[BlackElo "1796"]
[Result "1-0"]
[PlyCount "73"]
[EventDate "2012.12.15"]

1. d4 Nf6 2. c4 g6 3. Nc3 Bg7 4. g3 O-O 5. Bg2 d6 6. Nf3 Nbd7 7. O-O c6 8. e4
e5 9. h3 Re8 10. Be3 a6 11. a4 h6 12. Qc2 Kh7 13. Rad1 Qa5 14. b3 Rb8 15. Ra1
Qc7 16. dxe5 Nxe5 17. Nxe5 Rxe5 18. Rad1 Re7 19. c5 Ne8 20. cxd6 Nxd6 21. Bf4
Be5 22. Nd5 cxd5 23. Qxc7 Rxc7 24. Bxe5 Rc6 25. Rxd5 Be6 26. Rxd6 Rbc8 27. Rxc6
Rxc6 28. b4 Bb3 29. a5 f6 30. Bd4 Rd6 31. Bc5 Rd7 32. f4 Ba4 33. e5 Kg7 34. e6
Rd2 35. Re1 Bc6 36. Bxc6 bxc6 37. e7 1-0

[Event "XV Festival B"]
[Site "Padova ITA"]
[Date "2012.12.22"]
[Round "4"]
[White "Cacco, Christian"]
[Black "Negro, Roberto"]
[WhiteElo "2325"]
[BlackElo "2156"]
[Result "1-0"]
[PlyCount "101"]
[EventDate "2012.12.15"]

1. c4 g6 2. g3 Bg7 3. Bg2 d6 4. Nf3 Nf6 5. Nc3 O-O 6. d3 c6 7. O-O d5 8. cxd5
Nxd5 9. d4 Nxc3 10. bxc3 Qa5 11. Qb3 Nd7 12. Ba3 Re8 13. e4 Nb6 14. Bb4 Qh5 15.
c4 Be6 16. d5 cxd5 17. cxd5 Bh3 18. Rac1 Bxg2 19. Kxg2 Qg4 20. Rfe1 Qd7 21. Ba5
Qd6 22. Rb1 Reb8 23. Re2 Nc8 24. Rc2 b6 25. Bb4 Qd7 26. Rbc1 Rb7 27. e5 a5 28.
e6 fxe6 29. dxe6 Qe8 30. Bxa5 Bh6 31. Bd2 Bxd2 32. Nxd2 Nd6 33. Nf1 Ra5 34. Ne3
Qb5 35. Rc7 Qe5 36. Rxb7 Qe4+ 37. Kg1 Qxb7 38. Ng2 Ne4 39. Qf3 Rf5 40. Nf4 Rc5
41. Rd1 Nd6 42. Qxb7 Nxb7 43. Rd7 Rc1+ 44. Kg2 Nc5 45. Rxe7 Re1 46. h4 h6 47.
Nxg6 Nxe6 48. Kh2 Re2 49. Kh3 h5 50. Kg2 b5 51. Kf1 1-0

[Event "XV Festival B"]
[Site "Padova ITA"]
[Date "2012.12.22"]
[Round "4"]
[White "Cancian, Loris"]
[Black "Tissino, Tiziano"]
[WhiteElo "1878"]
[BlackElo "1776"]
[Result "1-0"]
[PlyCount "155"]
[EventDate "2012.12.15"]

1. d4 Nf6 2. c4 e6 3. Nf3 b6 4. g3 Bb7 5. Bg2 Be7 6. O-O O-O 7. Nc3 d5 8. b3
dxc4 9. bxc4 c5 10. e3 Nbd7 11. d5 exd5 12. cxd5 Bd6 13. e4 Ne5 14. Re1 Nxf3+
15. Bxf3 Be5 16. Qb3 Qe7 17. Bb2 Rfc8 18. Rab1 c4 19. Qd1 a6 20. a4 Qc5 21. Qc2
Re8 22. Nd1 b5 23. Bxe5 Rxe5 24. Qb2 Rae8 25. Nc3 Nxd5 26. Nxd5 Bxd5 27. axb5
axb5 28. Qxb5 Qxb5 29. Rxb5 Bc6 30. Rb4 Rc5 31. Rc1 c3 32. Rb3 c2 33. Rb2 Ba4
34. Ra2 Bb3 35. Ra3 Rc3 36. Kg2 g6 37. Rxb3 Rxb3 38. Rxc2 Re5 39. Rc4 f5 40.
exf5 Rxf5 41. Be4 Re5 42. Rd4 Kg7 43. f3 Rb2+ 44. Kh3 Rh5+ 45. Kg4 Rhxh2 46.
Kf4 Rb6 47. g4 Kf6 48. g5+ Ke7 49. Rc4 Kd6 50. Rd4+ Ke6 51. Bd5+ Ke7 52. Be4
Rbb2 53. Ra4 Rbg2 54. Ra7+ Kd6 55. Ra6+ Kc7 56. Ra5 Rh5 57. Ra7+ Kb6 58. Rb7+
Ka6 59. Ke3 Rgxg5 60. Rb3 Rh2 61. Kf4 Rg1 62. Ke5 g5 63. f4 g4 64. f5 g3 65. f6
Rf1 66. Rxg3 Rhf2 67. Bd3+ Kb6 68. Bxf1 Rxf1 69. Rh3 Kc7 70. Ke6 Kd8 71. Rxh7
Re1+ 72. Kf7 Rg1 73. Rg7 Re1 74. Kg8 Re8+ 75. Kh7 Rf8 76. Kg6 Ke8 77. Re7+ Kd8
78. Kg7 1-0

[Event "XV Festival B"]
[Site "Padova ITA"]
[Date "2012.12.22"]
[Round "4"]
[White "Carraro, Riccardo"]
[Black "Montoli, Marco"]
[WhiteElo "1578"]
[BlackElo "1938"]
[Result "0-1"]
[PlyCount "82"]
[EventDate "2012.12.15"]

1. e4 c5 2. f4 Nc6 3. Nf3 e6 4. d4 cxd4 5. Nxd4 a6 6. c4 Qb6 7. Nxc6 bxc6 8.
Nc3 d6 9. Rb1 Nf6 10. Qd3 Be7 11. Be3 Qc7 12. Be2 O-O 13. Rd1 a5 14. O-O Ba6
15. Qc2 Rfe8 16. Rd2 Bf8 17. Rfd1 d5 18. cxd5 cxd5 19. Bxa6 Rxa6 20. exd5 exd5
21. Bd4 Bc5 22. Bxc5 Qxc5+ 23. Kh1 Rae6 24. Qc1 Ng4 25. Rf1 d4 26. Ne2 Qxc1 27.
Nxc1 Ne3 28. Re1 Nc4 29. Rde2 Rxe2 30. Rxe2 Rxe2 31. Nxe2 d3 32. Nc3 Nxb2 33.
Kg1 d2 34. Kf1 d1=Q+ 35. Nxd1 Nxd1 36. Ke2 Nc3+ 37. Kd3 Nxa2 38. Kc2 Kf8 39.
Kb3 Nb4 40. Ka4 Nc6 41. Kb5 Ke7 0-1

[Event "XV Festival B"]
[Site "Padova ITA"]
[Date "2012.12.22"]
[Round "4"]
[White "Ciani, Davide"]
[Black "Pozzobon, Davide"]
[WhiteElo "1711"]
[BlackElo "1899"]
[Result "0-1"]
[PlyCount "106"]
[EventDate "2012.12.15"]

1. d4 f5 2. Nf3 Nf6 3. e3 d6 4. b3 g6 5. Bb2 Bg7 6. c4 O-O 7. Bd3 Qe8 8. O-O
Nbd7 9. Qc2 e5 10. e4 fxe4 11. Bxe4 exd4 12. Bd5+ Nxd5 13. cxd5 d3 14. Qd2 Ne5
15. Nxe5 Bxe5 16. Bxe5 Qxe5 17. Nc3 Bf5 18. Rae1 Qf6 19. Ne4 Qd4 20. Ng3 Qxd5
21. Nxf5 Qxf5 22. Re3 Rae8 23. Rxd3 Re4 24. Rc3 Rf7 25. f3 Re5 26. Rfc1 Rd5 27.
Qe3 c5 28. Qe2 Qe5 29. Re3 Qd4 30. Kf1 Qd2 31. Re8+ Kg7 32. Re1 Qxe2+ 33. R1xe2
b5 34. Rb8 c4 35. bxc4 bxc4 36. Rc2 Rc7 37. Re8 Ra5 38. Re4 d5 39. Rd4 Kf6 40.
f4 Ke6 41. g4 Kd6 42. f5 gxf5 43. gxf5 Ke5 44. Rh4 Kxf5 45. Re2 c3 46. Rh3 d4
47. Rf3+ Kg6 48. Re6+ Kg7 49. Re4 Rg5 50. h4 Rg6 51. h5 Rg5 52. h6+ Kxh6 53.
Re6+ Rg6 0-1

[Event "XV Festival B"]
[Site "Padova ITA"]
[Date "2012.12.22"]
[Round "4"]
[White "Gennari, Leone"]
[Black "Desideri, Alessandro"]
[WhiteElo "1975"]
[BlackElo "1788"]
[Result "1/2-1/2"]
[PlyCount "32"]
[EventDate "2012.12.15"]

1. d4 f5 2. c4 e6 3. Nc3 Nf6 4. Nf3 Bb4 5. Qb3 Qe7 6. Bf4 Bxc3+ 7. bxc3 d6 8.
e3 O-O 9. h3 c5 10. Be2 b6 11. O-O Nc6 12. Rfd1 Na5 13. Qb5 Ne4 14. Rac1 Bd7
15. Qb1 Ba4 16. Re1 Be8 1/2-1/2

[Event "XV Festival B"]
[Site "Padova ITA"]
[Date "2012.12.22"]
[Round "4"]
[White "Gromovs, Sergejs"]
[Black "Seletsky, Grigory"]
[WhiteElo "2161"]
[BlackElo "2308"]
[Result "0-1"]
[PlyCount "64"]
[EventDate "2012.12.15"]

1. e4 e6 2. d4 d5 3. Nc3 Nf6 4. e5 Nfd7 5. f4 c5 6. Nf3 Nc6 7. Be3 cxd4 8. Bxd4
Nxd4 9. Nxd4 Bc5 10. Qd2 Nxe5 11. Nb3 Qh4+ 12. Kd1 Nd7 13. Nxc5 Nxc5 14. Qd4
Nd7 15. Qxg7 Qf6 16. Qg3 a6 17. Bd3 Nc5 18. Bxh7 Bd7 19. Bd3 O-O-O 20. Qf2 d4
21. Ne4 Nxe4 22. Bxe4 Kb8 23. h3 d3 24. cxd3 Bb5 25. Qd2 Rd4 26. a4 Bxa4+ 27.
Ke2 Rhd8 28. Qe3 Rb4 29. Kf3 Qxb2 30. Rhb1 Qc3 31. f5 Rxe4 32. Kxe4 exf5+ 0-1